header

The border wars of New England (Record no. 242)

MARC details
000 -LEADER
fixed length control field 01514nam a2200313Ia 4500
100 1# - MAIN ENTRY--AUTHOR NAME
Personal name Drake, Samuel Adams,
245 14 - TITLE STATEMENT
Title The border wars of New England
260 ## - PUBLICATION, DISTRIBUTION, ETC. (IMPRINT)
Place of publication Scituate, Mass. :
Name of publisher Digital Scanning,
Year of publication 2001.
300 ## - PHYSICAL DESCRIPTION
Number of Pages xiv, 322 p. :
Other physical details ill. (incl. ports., maps).
500 ## - GENERAL NOTE
General note Originally published: The border wars of New England: commonly called King William's and Queen Anne's wars. New York: C. Scribner's Sons, 1910 [c1897].
650 #0 - SUBJECT ADDED ENTRY--TOPICAL TERM
Topical Term Grand Alliance, War of the, 1689-1697.
Topical Term Indians of North America
856 40 - ELECTRONIC LOCATION AND ACCESS
Uniform Resource Identifier http://site.ebrary.com/lib/rucke/Doc?id=5003688

No items available.

© 2026 Rongo University
Contact us: librarian | system librarian | Rongo university